000 00508cam a2200205ua 4500
020 _c55.00
041 _aeng
_h
082 _a658.501
_bBAN/IN
100 _aBanga, T.R.
245 _aIndustrial engineering and management science /
_cT.R.Banga.
_hTextual Documents
250 _a6 /
_b.
260 _aDelhi :
_bKhanna publishers ,
_c1989.
300 _a859 ; .
365 _a55.00
504 _a
700 1 _aAgarwal, N K .
700 1 _aSharma, S.C.
942 _cBK
999 _c3035
_d3035